Normal view
MARC view
Entry Personal Name
001 - CONTROL NUMBER
- control field: 57238
003 - CONTROL NUMBER IDENTIFIER
- control field: dpl
005 - DATE AND TIME OF LATEST TRANSACTION
- control field: 20230921111600.0
008 - FIXED-LENGTH DATA ELEMENTS
- fixed length control field: 230921|| aca||aabn | a|a d
040 ## - CATALOGING SOURCE
- Original cataloging agency: dpl
- Transcribing agency: dpl
100 ## - HEADING--PERSONAL NAME
- Personal name: Babu Sathish.A
670 ## - SOURCE DATA FOUND
- Source citation: Work cat.: (dpl)198493: Babu Sathish.A., Human Resource Mnagement/, 2010
